Pokémon - Normal-type Pokémon - Statistics

General Stats
  • This quiz has been taken 330 times
    15 since last reset
  • The average score is 107 of 144
Answer Stats
Secondary Type Pokémon % Correct
N/A Eevee
100%
Flying Fearow
100%
Fairy Jigglypuff
100%
N/A Raticate
100%
MONOTYPE Rattata
100%
Flying Spearow
100%
N/A Tauros
100%
Fairy Wigglytuff
100%
N/A Aipom
86%
N/A Ambipom
86%
Grass Arboliva
86%
N/A Audino
86%
N/A Blissey
86%
N/A Bouffalant
86%
N/A Buneary
86%
N/A Bunnelby
86%
N/A Chansey
86%
Flying Chatot
86%
N/A Cinccino
86%
Ground Diggersby
86%
N/A Ditto
86%
Grass Dolliv
86%
N/A Dudunsparce
86%
N/A Dunsparce
86%
N/A Exploud
86%
Flying Farfetch'd
86%
Flying Fletchling
86%
N/A Furret
86%
N/A Glameow
86%
N/A Gumshoos
86%
N/A Happiny
86%
Electric Heliolisk
86%
Electric Helioptile
86%
N/A Herdier
86%
Flying Hoothoot
86%
Fairy Igglybuff
86%
Psychic Indeedee
86%
N/A Lickilicky
86%
N/A Lickitung
86%
N/A Lillipup
86%
N/A Linoone
86%
N/A Lopunny
86%
N/A Loudred
86%
N/A Meowth
86%
N/A Miltank
86%
N/A Minccino
86%
N/A Munchlax
86%
Flying Noctowl
86%
Dark Obstagoon
86%
N/A Persian
86%
Flying Pidgeot
86%
Flying Pidgeotto
86%
PRIMARY NORMAL-TYPE (Flying) Pidgey
86%
Flying Pidove
86%
N/A Porygon
86%
N/A Porygon2
86%
N/A Purugly
86%
N/A Sentret
86%
Poison Shroodle
86%
N/A Slaking
86%
N/A Slakoth
86%
N/A Smeargle
86%
Grass Smoliv
86%
N/A Snorlax
86%
N/A Stantler
86%
Flying Staraptor
86%
Flying Staravia
86%
Flying Starly
86%
N/A Stoutland
86%
Flying Tranquill
86%
Flying Unfezant
86%
N/A Vigoroth
86%
N/A Whismur
86%
Psychic Wyrdeer
86%
N/A Yungoos
86%
N/A Zigzagoon
86%
N/A Arceus
71%
Fairy Azurill
71%
Fighting Bewear
71%
Flying Braviary
71%
N/A Castform
71%
Dragon Cyclizar
71%
Grass Deerling
71%
N/A Delcatty
71%
Flying Dodrio
71%
Flying Doduo
71%
N/A Furfrou
71%
Poison Grafaiai
71%
N/A Greedent
71%
N/A Kangaskhan
71%
N/A Kecleon
71%
Fairy Mega Audino
71%
Psychic Oranguru
71%
Flying Pikipek
71%
N/A Porygon-Z
71%
N/A Regigigas
71%
Flying Rufflet
71%
Grass Sawsbuck
71%
N/A Skitty
71%
N/A Skwovet
71%
Fighting Stufful
71%
N/A Teddiursa
71%
Flying Toucannon
71%
Flying Trumbeak
71%
Ground Ursaluna
71%
N/A Ursaring
71%
N/A Zangoose
71%
Dark Alolan Raticate
57%
SECONDARY NORMAL-TYPES (Dark) Alolan Rattata
57%
Water Bibarel
57%
N/A Bidoof
57%
N/A Dubwool
57%
Psychic Farigiraf
57%
Psychic Girafarig
57%
N/A Komala
57%
N/A Lechonk
57%
Fire Litleo
57%
N/A Mega Kangaskhan
57%
Flying Mega Pidgeot
57%
N/A Oinkologne
57%
N/A Patrat
57%
Fire Pyroar
57%
N/A Spinda
57%
Flying Swablu
57%
Flying Swellow
57%
Flying Taillow
57%
N/A Watchog
57%
N/A Wooloo
57%
Psychic Aria Meloetta
43%
Dragon Drampa
43%
Dark Galarian Linoone
43%
Dark Galarian Zigzagoon
43%
Ghost Hisuian Zoroark
43%
Ghost Hisuian Zorua
43%
N/A Maushold
43%
Dragon Mega Drampa
43%
Fighting Mega Lopunny
43%
Fire Mega Pyroar
43%
Fighting Pirouette Meloetta
43%
N/A Silvally
43%
Flying Squawkabilly
43%
N/A Tandemaus
43%
N/A Type: Null
43%
N/A Terapagos
29%
No matching quizzes found
Score Distribution
Percent of People with Each Score
Percentile by Number Answered
Your Score History
You have not taken this quiz since the last reset